| 000 | nam a22 7a 4500 | ||
|---|---|---|---|
| 999 |
_c27187 _d27187 |
||
| 008 | 170207b xxu||||| |||| 00| 0 eng d | ||
| 020 | _a9781583241110 | ||
| 050 | _aPE 1143 .T83 2001 | ||
| 100 | _aTucker, Elizabeth | ||
| 245 |
_aSpelling Essentials/ _cElizabeth Tucker |
||
| 260 |
_aU.S.A: _bWorld Teachers Press, _c2001. |
||
| 300 |
_a64p.: _bill.; _c22cm. |
||
| 650 | _aEnglish Language-- Orthography and Spelling. | ||
| 942 |
_2lcc _cBOOKS _hPE 1143 .T83 2001 |
||